000 00357nam a2200157Ia 4500
001 3581
003 IN-NITTTR
005 20251114232949.0
008 251113s9999||||xx |||||||||||||| ||eng||
040 _beng
040 _cIN-NITTTR
041 _aeng
082 _a671.025
245 0 _aCMERI directory of indigenous engineering products /
942 _2ddc
_cBK
999 _c5908
_d5908